000 00365nam a2200133Ia 4500
008 240624s9999 xx 000 0 und d
041 _aeng
082 _a658.312404 ROB
100 _aROBBINS STEPHEN P
245 _aTRAINING IN INTERPERSONAL SKILLS TIPS FO
260 _c2008
_aNew Delhi
_bPrentice-Hall of India
300 _a387 : p. : cm. ; 24
365 _cRS
_b36
999 _c10456
_d10456